|
|
|
|
| LEADER |
00000naa2a2200000 4500 |
| 001 |
427242 |
| 005 |
20231101074629.0 |
| 035 |
|
|
|a (RuTPU)RU\TPU\prd\86366
|
| 035 |
|
|
|a RU\TPU\prd\27662
|
| 090 |
|
|
|a 427242
|
| 100 |
|
|
|a 20100906a2004 k y0rusy50 ca
|
| 101 |
0 |
|
|a rus
|
| 102 |
|
|
|a RU
|
| 200 |
1 |
|
|a Исследование характеристик сектора торцевого адронного калориметра установки CMS
|f П. И. Гончаров, В. В. Абрамов, G. Bencze и др.
|
| 225 |
1 |
|
|a Техника ядерного эксперимента
|
| 320 |
|
|
|a Библиогр.: 5 назв.
|
| 461 |
|
1 |
|0 (RuTPU)RU\TPU\prd\300
|x 0032-8162
|t Приборы и техника эксперимента
|f Российская академия наук
|d 1956-
|
| 463 |
|
1 |
|0 (RuTPU)RU\TPU\prd\86361
|t № 1
|v с. 55-60
|d 2004
|
| 610 |
1 |
|
|a калориметры
|
| 610 |
1 |
|
|a торцевые адронные калориметры
|
| 610 |
1 |
|
|a измерения
|
| 610 |
1 |
|
|a идентификация
|
| 610 |
1 |
|
|a мюоны
|
| 610 |
1 |
|
|a радиоактивные источники
|
| 675 |
|
|
|a 539.1.083.91
|v 3
|
| 701 |
|
1 |
|a Гончаров
|b П. И.
|
| 701 |
|
1 |
|a Абрамов
|b В. В.
|
| 701 |
|
1 |
|a Bencze
|b G.
|
| 701 |
|
1 |
|a Волков
|b А. А.
|
| 701 |
|
1 |
|a Володько
|b А. Г.
|
| 701 |
|
1 |
|a Голутвин
|b И. А.
|
| 701 |
|
1 |
|a Зайченко
|b А. А.
|
| 701 |
|
1 |
|a Зарубин
|b А. В.
|
| 701 |
|
1 |
|a Кораблёв
|b А. В.
|
| 701 |
|
1 |
|a Корнеев
|b Ю. П.
|
| 701 |
|
1 |
|a Косарев
|b И. Г.
|
| 701 |
|
1 |
|a Криницын
|b А. Н.
|
| 701 |
|
1 |
|a Крышкин
|b В. И.
|
| 701 |
|
1 |
|a Lazic
|b D.
|
| 701 |
|
1 |
|a Марков
|b А. А.
|
| 701 |
|
1 |
|a Талов
|b В. В.
|
| 701 |
|
1 |
|a Турчанович
|b Л. К.
|
| 701 |
|
1 |
|a Хмельников
|b А. В.
|
| 801 |
|
1 |
|a RU
|b 63413507
|c 20040909
|g PSBO
|
| 801 |
|
2 |
|a RU
|b 63413507
|c 20100907
|g RCR
|
| 942 |
|
|
|c BK
|